| 000 | 00514nam a2200205Ia 4500 | ||
|---|---|---|---|
| 005 | 20250425161247.0 | ||
| 008 | 250425s9999 xx 000 0 und d | ||
| 020 | _a0070342423 | ||
| 041 | _aeng | ||
| 082 | _a621.382 | ||
| 100 | _aKESSLER, GARY C. | ||
| 245 | 0 | _aISDN: CONCEPTS, FACILITES, AND SERVICES | |
| 250 | _aS.E. | ||
| 260 |
_aEstados Unidos _bMCGRAW - HILL _c1990 |
||
| 260 | _aNEW YORK | ||
| 300 | _a302 | ||
| 650 | _aREDES DIGITALES DE SERVICIOS INTEGRADOS | ||
| 942 | _c01 | ||
| 010 | _a16374 | ||
| 999 |
_c205665 _d205665 |
||